Ο δήμος Νέου Ηρακλείου προ και μετά τη διέλευση της Αττικής Οδού : μια γεωγραφική προσέγγιση : πτυχιακή εργασία
Αποθηκεύτηκε σε:
| Κύριος συγγραφέας: | |
|---|---|
| Συγγραφή απο Οργανισμό/Αρχή: | |
| Άλλοι συγγραφείς: | |
| Μορφή: | Thesis Βιβλίο |
| Γλώσσα: | Greek |
| Δημοσίευση: |
Μυτιλήνη :
Πανεπιστήμιο Αιγαίου, Τμήμα Γεωγραφίας,
2003
|
| Θέματα: | |
| Ετικέτες: |
Προσθήκη ετικέτας
Δεν υπάρχουν, Καταχωρήστε ετικέτα πρώτοι!
|
MARC
| LEADER | 00000cam a2200000 i 4500 | ||
|---|---|---|---|
| 001 | 1/89657 | ||
| 008 | 051122s2003 gre d | ||
| 035 | |l 10081380 | ||
| 040 | |a GR-MY-UA |b gre |e aacr | ||
| 041 | 0 | |a gre | |
| 082 | 0 | |a 307.76 |2 (22) | |
| 100 | 1 | |a Μπαρμπαγιάννης, Νικόλαος. | |
| 245 | 1 | 2 | |a Ο δήμος Νέου Ηρακλείου προ και μετά τη διέλευση της Αττικής Οδού : |b μια γεωγραφική προσέγγιση : πτυχιακή εργασία / |c Μπαρμπαγιάννης Νικόλαος ; υπεύθυνος καθηγητής Εμμανουήλ Β. Μαρμαράς |
| 260 | |a Μυτιλήνη : |b Πανεπιστήμιο Αιγαίου, Τμήμα Γεωγραφίας, |c 2003 | ||
| 300 | |a 100 σ.; |b εικ., χάρτες; |c 30 εκ. | ||
| 502 | |a Πτυχιακή εργασία – Πανεπιστήμιο Αιγαίου, Λέσβος, 2003. | ||
| 504 | |a Βιβλιογραφία: σ. 97-99 | ||
| 650 | 0 | 0 | |a Rural-urban relations. |
| 650 | 0 | |a City planning |z Greece |z Erakleio (Attike) | |
| 650 | 0 | |a Urban renewal |z Greece |z Erakleio (Attike) | |
| 650 | 0 | 0 | |a Dissertations, Academic |z Greece. |
| 700 | 1 | |a Μαρμαράς, Εμμανουήλ Β. |4 ths | |
| 710 | 2 | |a Πανεπιστήμιο Αιγαίου. |b Σχολή Κοινωνικών Επιστημών. |b Τμήμα Γεωγραφίας. | |
| 852 | |a INST |b LESVOS |c DIATR |e 20051122 |h 159 |p 005100033016 |q 005100033016 |t DIE |y 23 | ||
| 852 | |a INST |b LESVOS |c DIATR |e 20051122 |h 160 |p 005100033017 |q 005100033017 |t DIE |y 23 | ||
| 901 | |a BIBL1-2005-3 | ||
| 909 | |a Λ |b 121220 | ||
| 909 | |a Λ |b 121221 | ||
| 924 | |a ΜΠΑΡΜΠΑΓΙΑΝΝΗΣ |b ΝΙΚΟΛΑΟΣ |y ΛΕΣΒΟΣ |z 2003-06 | ||
| 970 | |a ΜΑΡΙΝΑΤΟΥ |b ΜΥΡΣΙΝΗ |z 2005/11/22 | ||